000 00485cam a2200181 i 4500
005 20260303125959.0
008 250721s2004 xxu gr 000 0 eng d
082 1 4 _a743.49
_bP E R
100 1 _aPerard, victor
_eauthor.
245 1 0 _aANATOMY AND DRAWING /
_cby victore perard.
250 _afirst edition.
264 3 1 _anew york :
_bmineola,
_c2004.
300 _a202 Pages.
650 1 7 _aDRAWING.
650 1 7 _aANATOMY.
942 _2ddc
_cBK
999 _c135279
_d135279